000
00285nam a22001337a 4500
008
170919b xxu||||| |||| 00| 0 eng d
020
_a
9780789499769
041
_a
eng
080
_a
77
100
_a
44
101
_a
ART
245
_a
DIGITAL PHOTOGRAPHY
_c
ANG.T
942
_2
udc
_c
BK
999
_c
28244
_d
28244